Miradas que marcan: análisis crítico de las narrativas y las representaciones de los y las jóvenes en la prensa /
La construcción mediática de los y las jóvenes parece condensar todos los males que se gestan en un entorno caracterizado por la falta de educación y las inequidades sociales. Esta realidad se expresa en las representaciones sobre los espacios urbanos segregados y las personas jóvenes, las cuales se...
Guardado en:
| Autor principal: | |
|---|---|
| Autores Corporativos: | , |
| Otros Autores: | , |
| Formato: | Desconocido |
| Lenguaje: | Spanish |
| Publicado: |
San José, Costa Rica :
FLACSO
|
| Materias: | |
| Etiquetas: |
Agregar Etiqueta
Sin Etiquetas, Sea el primero en etiquetar este registro!
|
MARC
| LEADER | 00000 a2200000 04500 | ||
|---|---|---|---|
| 001 | 43265 | ||
| 003 | |||
| 008 | 050704s2012 cr spa d | ||
| 040 | |||
| 020 | |a 978-9977-68-233-4 | ||
| 090 | |a 1002 B837m | ||
| 100 | |a Brenes Montoya, Mónica |e coordinadora | ||
| 245 | |a Miradas que marcan: |b análisis crítico de las narrativas y las representaciones de los y las jóvenes en la prensa / |c coordinadores Mónica Brenes Montoya ; Jorge Daniel Vásquez Arreaga ; Tirsa Ventura Campusano | ||
| 260 | |a San José, Costa Rica : |b FLACSO | ||
| 300 | |a 132 páginas | ||
| 500 | |a mobm17@gmail.com |a jordan9plus@gmail.com |a tirsa2000@hotmail.com | ||
| 520 | |a La construcción mediática de los y las jóvenes parece condensar todos los males que se gestan en un entorno caracterizado por la falta de educación y las inequidades sociales. Esta realidad se expresa en las representaciones sobre los espacios urbanos segregados y las personas jóvenes, las cuales se activan y actualizan por medio de la narrativa mediática. Constantemente las fuentes desde las que se narran los acontecimientos suelen ser personas adultas que representan a las instituciones encargadas de mantener el "orden", dejando a las personas jóvenes en un silencio absoluto. Este trabajo trata el tema de la juventud y de las miradas que marcan a las y los jóvenes partiendo de un análisis crítico de las narraciones y representaciones que la prensa costarricense construye en torno a la juventud. | ||
| 590 | |a DISEMINAR052012/RRA/JUNIO2012 | ||
| 650 | |a JUVENTUD | ||
| 650 | |a JOVENES | ||
| 650 | |a REPRESENTACION SOCIAL | ||
| 650 | |a MEDIOS DE COMUNICACION DE MASAS | ||
| 650 | |a DISCURSOS | ||
| 650 | |a COSTA RICA | ||
| 700 | |a Vásquez Arreaga, Jorge Daniel | ||
| 700 | |a Ventura Campusano, Tirsa | ||
| 710 | |a Universidad De La Salle. | ||
| 710 | |b Departamento de Investigación | ||
| 999 | |c 1598 |d 1598 | ||



